01193 2200433 4500001002100000005001500021035002000036007000300056008004100059040001600100100002100116245007100137250000900208300003500217020002200252041000800274082001000282084001600292090002000308260003000328500002700358650001000385700003000395850001000425990002400435990002400459990002400483990002400507990002200531990002200553990002200575990002400597990002400621990002400645990002400669990002200693990002200715990002200737INLIS00000000000277220260531122309 a0010-0720000055ta260531 0  aSBUPADbInd0 aSmartKids Studio1 aKarena Bumi Berputar /cSmarkids Studio;editor, Ariata Christy Uly aEd.1 a32 hlm. :bilus. ;c20 x 28 cm a978-979-29-5862-10 aInd a741.5 a741.5 SMA k a741.5 SMA k 6-2 aYogyakarta :bAndi,c2016 aTentang Penulis 33 hlm 4akomik0 Editor, Ariata Christy Uly aPUPAD a34.762/DAK/DPK/2019 a34.760/DAK/DPK/2019 a34.761/DAK/DPK/2019 a34.759/DAK/DPK/2019 a27.623/P/DPK/2018 a27.621/P/DPK/2018 a27.622/P/DPK/2019 a34.759/DAK/DPK/2019 a34.761/DAK/DPK/2019 a34.760/DAK/DPK/2019 a34.762/DAK/DPK/2019 a27.620/P/DPK/2018 a27.988/H/DPK/2018 a27.989/H/DPK/2018